000 01224nam a2200313 i 4500
003 DO-SdBNP
005 20250226123120.0
007 ta
008 100310s2003 dr ac r 001 0 spa d
020 _a9993467103
040 _aDO-SdBNP
_bspa
_cBNPHU
_erda
082 4 _a384.697293
_bC531t 2003
_222
100 1 _aChez Checo, José,
_d1949-
_eautor
_4aut.
_910145
245 1 3 _aLa telefonía :
_bpresencia y desarrollo en la República Dominicana /
_cJosé Chez Checo ; presentación, Jorge Iván Ramírez ; coordinador, José Rafael Lantigua
264 1 _aSanto Domingo :
_bCODETEL,
_c2003.
300 _a279 páginas :
_bilustraciones ; retratos ;
_c27 cm.
336 _atexto
_btxt
_2rdacontent
337 _asin mediación
_bn
_2rdamedia
338 _avolumen
_bnc
_2rdacarrier
490 _aColección Popular Codetel
_v3
504 _aBibliografías : páginas 270-279.
590 _aInventariado, 2025/BT
650 4 _aEmpresas de telecomunicaciones
_zRepública Dominicana
_937181
650 4 _aTelefono
_zRepública Dominicana
_xHistoria
_937182
700 1 _aRamírez, Jorge Iván,
_epresentación
_937183
700 1 _aLantigua, José Rafael,
_ecoordinador
_4coord.
_985376
910 _aBtavárez
942 _2ddc
_cLBS1
999 _c58252
_d58252